000 01854cam a2200301 i 4500
003 SA-RiAUC
005 20250223055031.0
008 250215s2007 su g 00110bara c
024 0 _a00000000296876
040 _aSA-MaTUM
_bara
_cSA-RiAUC
_dKAC
_erda
082 0 4 _a922.58
_qSA-RiAUC
090 _a922.58
_bع ل و
100 1 _aالعلوي، علي بن بلقاسم
_eمؤلف.
245 1 2 _aالإمام عبد الرحمن بن القاسم واجتهاداته من خلال المدونة /
_cعلي بن بلقاسم العلوي.
250 _aالطبعة الأولى.
264 1 _aالرياض :
_bمكتبة الرشد،
_c2007
300 _a575 صفحة ؛
_c24 سم
336 _aنص
_btxt
_2rdacontent
_3كتاب
337 _aبدون وسيط
_bn
_2rdamedia
338 _aمجلد
_bnc
_2rdacarrier
500 _aكشافات : صفحة 499-548.
505 0 _aالمحتويات : الباب الأول : حياة ابن القاسم ومميزات عصره-الباب الثاني : آثار ابن القاسم العلمية وأسباب اعتماد المالكية قوله-الباب الثالث : منهج ابن القاسم الاجتهادي في المدونة-الباب الرابع : اعتماد ابن القاسم أصول المذهب المالكي-الباب الخامس : استقلال ابن القاسم بالاجتهاد في المدونة وخلافه لمالك ودوره البارز في رواية الحديث ... إلخ.
600 1 7 _aابن القاسم، عبد الرحمن،
_d132-191 هجري
_2aucnm
650 7 _aالفقهاء المالكية
_vتراجم
_2aucsh
700 1 2 _iشرح لـ (عمل) :
_aالإمام مالك، مالك بن أنس بن مالك،
_d93-179 هجري.
_tالمدونة الكبرى
942 _2ddc
_cBOOK
_n0
949 _aSA-JeALM
_d250215
_uosman123
_n1
999 _c6171
_d6171